Horrid Henry and the football fiend / (Record no. 6470)

MARC details
000 -LEADER
fixed length control field 01711nam a22003017a 4500
001 - CONTROL NUMBER
control field 6470
003 - CONTROL NUMBER IDENTIFIER
control field FISKH
005 - DATE AND TIME OF LATEST TRANSACTION
control field 20250506100743.0
008 - FIXED-LENGTH DATA ELEMENTS--GENERAL INFORMATION
fixed length control field 250506b cb ||||| |||| 00| 0 eng d
020 ## - INTERNATIONAL STANDARD BOOK NUMBER
International Standard Book Number 9781407219141
040 ## - CATALOGING SOURCE
Original cataloging agency FISKH
Language of cataloging eng
Transcribing agency FISKH
Modifying agency FISKH
050 ## - LIBRARY OF CONGRESS CALL NUMBER
Classification number PZ7.S604 H
082 ## - DEWEY DECIMAL CLASSIFICATION NUMBER
Classification number 823.914
100 ## - MAIN ENTRY--PERSONAL NAME
Personal name Simon, Francesca
Dates associated with a name (1955-)
245 ## - TITLE STATEMENT
Title Horrid Henry and the football fiend /
Statement of responsibility, etc. Francesca Simon ; Illustrated by Tony Ross
250 ## - EDITION STATEMENT
Edition statement This edition first published in 2006
260 ## - PUBLICATION, DISTRIBUTION, ETC.
Place of publication, distribution, etc. London :
Name of publisher, distributor, etc. Orion,
Date of publication, distribution, etc. 2006.
300 ## - PHYSICAL DESCRIPTION
Extent 101 pages :
Other physical details illustrations ;
Dimensions 20 cm
505 ## - FORMATTED CONTENTS NOTE
Formatted contents note J<br/>
520 ## - SUMMARY, ETC.
Summary, etc. Juvenile Fiction. Humor (Fiction.) HTML:Age Level: 7 and up | Grade Level: 2 to 5<br/><br/>Horrid Henry reads Perfect Peter's diary and improves it; goes shopping with Mom and tries to make her buy him some really nice new sneakers; is horrified when his old enemy Bossy Bill turns up at school; and tries, by any means, to win the class soccer match and defeat Moody Margaret.<br/><br/>Francesca Simon is one of the world's best-loved children's authors. She is the only American to have ever won the Galaxy Book Award, and her creation, Horrid Henry, is the #1 bestselling chapter book series in the UK�with a hit TV show and over fifteen million copies sold! Each book contains four easy-to-read stories and hilarious illustrations by the one and only Tony Ross, so even the most reluctant of readers won't be able to resist Henry's amazing talent for trouble!<br/>
521 8# - TARGET AUDIENCE NOTE
Target audience note 490<br/>
Source Lexile<br/>
521 8# - TARGET AUDIENCE NOTE
Target audience note J<br/>
Source Raz-Plus<br/>
650 ## - SUBJECT ADDED ENTRY--TOPICAL TERM
Source of heading or term SantaCruz
Topical term or geographic name entry element Series-Horrid Henry
650 ## - SUBJECT ADDED ENTRY--TOPICAL TERM
Source of heading or term SIM4HORHEN
Topical term or geographic name entry element Horrid Henry
700 ## - ADDED ENTRY--PERSONAL NAME
Personal name Ross, Tony
Dates associated with a name illustrator
942 ## - ADDED ENTRY ELEMENTS (KOHA)
Source of classification or shelving scheme Dewey Decimal Classification
Koha item type Books
Suppress in OPAC No
Holdings
Withdrawn status Lost status Source of classification or shelving scheme Damaged status Not for loan Collection Home library Current library Shelving location Date acquired Total Checkouts Full call number Barcode Date last seen Copy number Price effective from Koha item type
    Dewey Decimal Classification     Juvenile Fiction Footprints International School Library Network Toul Tom Poung Campus Footprints International School Library Network Toul Kork Campus TTP Primary Dark Blue Bookshelves 05/06/2025   SIM 823.914 PZ7.S604 H 2025-1153 09/19/2025 1 05/06/2025 Books